| 000 | 00000nam 2200000zi 4500 |
| 001 | 9.866459 |
| 003 | CaOODSP |
| 005 | 20250403110155 |
| 006 | m o d f |
| 007 | cr ||||||||||| |
| 008 | 181231t20192019oncd #obs f000 0 fre d |
| 020 | |a9780660291505 |
| 040 | |aCaOODSP|bfre|erda|cCaOODSP |
| 043 | |an-cn--- |
| 086 | 1 |aCS75-0002/2019-2F-PDF |
| 100 | 1 |aFecteau, Eric, |eauteur. |
| 245 | 10|aSalaires, traitements et commissions annuels des déclarants T1, 2017 / |cpar Eric Fecteau et Dominique Pinard. |
| 264 | 1|a[Ottawa] : |bStatistique Canada, |c2019. |
| 264 | 4|c©2019 |
| 300 | |a1 ressource en ligne (12 pages) : |bgraphiques. |
| 336 | |atexte|btxt|2rdacontent/fre |
| 337 | |ainformatique|bc|2rdamedia/fre |
| 338 | |aressource en ligne|bcr|2rdacarrier/fre |
| 490 | 1 |aSérie de documents de recherche - revenu, |v2019002 |
| 500 | |aTitre de la couverture. |
| 500 | |a« Date de diffusion : le 29 janvier 2019. » |
| 500 | |aPublié aussi en format HTML. |
| 500 | |aPublié aussi en anglais sous le titre : Annual wages, salaries and commissions of T1 tax filers, 2017. |
| 504 | |aComprend des références bibliographiques. |
| 520 | |a« En 2017, la plus grande source de revenus pour la majorité des déclarants au Canada se compose des « salaires, traitements et commissions », qui sont touchés par les employés. Cette source de revenus constituait environ deux dollars sur trois du revenu annuel des déclarants. En comprenant les caractéristiques des employés rémunérés et l’écart dans les revenus annuels selon la province, le sexe, l’âge et l’industrie, il devient plus facile de décrire comment la population canadienne interagit avec le marché du travail » -- Introduction, page 4. |
| 692 | 07|2gccst|aSalaire |
| 692 | 07|2gccst|aImpôt sur le revenu |
| 692 | 07|2gccst|aStatistiques |
| 700 | 1 |aPinard, Dominique, |eauteur. |
| 710 | 2 |aStatistique Canada. |
| 775 | 08|tAnnual wages, salaries and commissions of T1 tax filers, 2017 / |w(CaOODSP)9.866458 |
| 830 | #0|aSérie de documents de recherche - revenu (Statistique Canada)|v2019002.|w(CaOODSP)9.501116 |
| 856 | 40|qPDF|s262 Ko|uhttps://publications.gc.ca/collections/collection_2019/statcan/75f0002m/75f0002m2019002-fra.pdf |
| 856 | 4 |qHTML|sS.O.|uhttps://www150.statcan.gc.ca/n1/pub/75f0002m/75f0002m2019002-fra.htm |
| 986 | |a75F0002M |